Variability in early growth and tolerance to abnormal leaf fall among Wickham x Amazonian hybrids and other pipeline clones of para rubber (Hevea brasiliensis) (Record no. 72083)

MARC details
000 -LEADER
fixed length control field 00629nam a2200157Ia 4500
100 ## - MAIN ENTRY--AUTHOR NAME
Personal name Narayanan C
245 #0 - TITLE STATEMENT
Title Variability in early growth and tolerance to abnormal leaf fall among Wickham x Amazonian hybrids and other pipeline clones of para rubber (Hevea brasiliensis)
260 ## - PUBLICATION, DISTRIBUTION, ETC. (IMPRINT)
Name of publisher IRRDB Plant Breeders Workshop, 8-12 July 2019, Lembaga Getah Malaysia (Malaysian Rubber Board), Kuala Lumpur, Malaysia
650 ## - SUBJECT ADDED ENTRY--TOPICAL TERM
Topical Term Abnormal leaf fall
650 ## - SUBJECT ADDED ENTRY--TOPICAL TERM
Topical Term Hevea brasiliensis
650 ## - SUBJECT ADDED ENTRY--TOPICAL TERM
Topical Term Pipeline clones
700 ## - ADDED ENTRY--PERSONAL NAME
Personal name Mydin K.K
856 ## - ELECTRONIC LOCATION AND ACCESS
Uniform Resource Identifier Bibli details only
942 ## - ADDED ENTRY ELEMENTS (KOHA)
Koha item type Journals
Holdings
Withdrawn status Lost status Damaged status Not for loan Home library Current library Shelving location Date acquired Koha item type
      Journals RRII Library RRII Library Botany 17/12/2021 Journals